Až na dno

Bibliographic Details
Main Author: Dedinská, Eva (Author)
Format: Book
Language:Slovak
PhysicalDescription:261 s. 21 cm
Published: Bratislava Ikar 2011
ISBN:9788055127033
Edition:[1. vyd.]
Subjects:

MARC

LEADER 00000cam a2200000 a 4500
001 vtls010323370
003 SK-MaSNL
005 20260302012003.0
008 240314s2011 xo g 000 f slo
015 |a SNBA2012/04-02150 
020 |a 9788055127033  |q (viaz.) 
035 |a B3783CA5-7F06-40A5-A3E0-6DDFC62C5334 
035 |a urn:nbn:sk:snk-amjj11 
035 |a urn:nbn:sk:snk-am000x6f 
040 |a SNK  |b slo  |c SNK  |e AACR2 
041 0 |a slo 
044 |a xo  |c SK 
072 7 |a 821.162.4-3  |x Slovenská próza  |2 konspekt 
080 |a 821.162.4-31  |2 2001 
100 1 |a Dedinská, Eva  |4 aut  |9 209072 
245 1 0 |a Až na dno  |c Eva Dedinská 
250 |a [1. vyd.] 
260 |a Bratislava  |b Ikar  |c 2011 
300 |a 261 s.  |c 21 cm 
655 7 |a slovenské romány  |2 SNKPH  |9 70324 
655 7 |a Slovak fiction  |2 SNKPHeng  |9 277096 
919 |a 978-80-551-2703-3 
958 |a LX 
958 |a OND 
968 |d 821 
999 |c 1008040  |d 1009970 
952 |a SNK  |b SNK  |y PREZ  |7 0  |p 17A0834164  |o snkSC 147292 D1  |i snk2011/24773  |8 0  |0 0  |1 0  |4 0  |d 2011-12-20  |f 1  |l 0  |r 2026-02-24 12:42:10  |w 2026-02-24 
952 |a SNK  |b SNK  |y PREZ  |7 0  |p 17A0787649  |o snkSC 147292  |i snk2011/23291  |8 0  |0 0  |1 0  |4 0  |d 2011-11-24  |l 0  |r 2025-07-16 00:00:00  |w 2026-02-24